Aydınlık Türkiye için elektrik enerjisinde ulusal politika (Record no. 829)

MARC details
000 -BAŞLIK
Sabit Uzunlukta Kontrol Alanı 00806na a2200217 4500
001 - KONTROL NUMARASI
Denetim Alanı 23379
003 - KONTROL NUMARASI IDENTIFIER
Denetim Alanı MIRAKIL
005 - SON İŞLEM TARİHİ VE ZAMANI
Denetim Alanı 20181213154803.0
008 - SABİT-BOY VERİ ELEMANLARI - GENEL BİLGİLER
Sabit Uzunlukta Kontrol Alanı 170919b tu 000 0
040 ## - KATALOGLAMA KAYNAK
Orijinal Kataloglama Ajansı Milas
Kataloglama Dili tur
Metne Dönüştürmek Ajansı TR-AnCHP
041 ## - DİL KODU
Metin / Ses Parça Veya Ayrı Başlığın Dil Kodu tur
082 ## - DEWEY ONLU SINIFLANDIRMA NUMARASI
Sınıflandırma Numarası 333.793215
Ürün Numarası A92 2000
090 ## - SINIFLAMA NUMARASI
Sınıflama Numarası 333.793215 A92 2000
245 ## - BAŞLIK TABLOSU
Başlık Aydınlık Türkiye için elektrik enerjisinde ulusal politika
Başlığın Kalan 2000 yılında Türkiye'de elektrik enerjisinde mevcut durum sorunlar ve çözüm önerileri
Sorumluluk Tablosu, Vb Hüseyin Arabul, Nevin Selçuk
260 ## - YAYIN, DAĞITIM, VB
Yayın, Dağıtım, Vb Yeri Ankara
Yayıncı, Dağıtıcı, Vs Adı Ankara Sanayi Odası
-- İstanbul Sanayi Odası
Yayın, Dağıtım, Vb Tarihi 2000
300 ## - FİZİKSEL TANIM
Kapsam 108 s.
Diğer Fiziksel Ayrıntıları tbl.; grf.
Boyutlar 24 sm.
504 ## - KAYNAKÇA VB NOT
Kaynakça Vb Notu Kaynakça var.
650 ## - KONU KATMA GİRİŞ - TOPİKAL DÖNEM
Topikal Süreli Veya Coğrafi Ad Giriş Elemanı Elektrik enerjisi
Genel Alt Bölümü Ulusal politikalar
Kronolojik Alt Bölümü Raporlar
650 ## - KONU KATMA GİRİŞ - TOPİKAL DÖNEM
Topikal Süreli Veya Coğrafi Ad Giriş Elemanı Ekonomi
Genel Alt Bölümü Doğal kaynaklar
Kronolojik Alt Bölümü Elektrik enerjisi
942 ## - EKLENDİ GİRİŞ ELEMANLARI (KOHA)
Sınıflandırma Veya Raf Düzeni Kaynak
Koha Öğesi Türü Books
999 ## - SİSTEM KONTROL NUMARALARI (KOHA)
Koha Biblionumber 829
Koha Biblioitemnumber 829
Holdings
Kalıcı Konum Mevcut Konum Edinme Tarihi Edinim Kaynak Toplam Check-Out'Lar Tam Çağrı Numarası Barkod Tarih Son Görülme İtibaren Geçerli Fiyatlar Koha Öğesi Türü
CHP Kütüphanesi CHP Kütüphanesi 09/19/2017 Bağış   333.793215 A92 2000 017362 09/19/2017 09/19/2017 Books